<?xml version="1.0" encoding="UTF-8"?>
<record
    xmlns:xsi="http://www.w3.org/2001/XMLSchema-instance"
    xsi:schemaLocation="http://www.loc.gov/MARC21/slim http://www.loc.gov/standards/marcxml/schema/MARC21slim.xsd"
    xmlns="http://www.loc.gov/MARC21/slim">

  <leader>00583nam a22001937a 4500</leader>
  <datafield tag="999" ind1=" " ind2=" ">
    <subfield code="c">172068</subfield>
    <subfield code="d">172068</subfield>
  </datafield>
  <controlfield tag="005">20200130125210.0</controlfield>
  <datafield tag="010" ind1=" " ind2=" ">
    <subfield code="a">A-441451</subfield>
  </datafield>
  <datafield tag="020" ind1=" " ind2=" ">
    <subfield code="c">50.00</subfield>
  </datafield>
  <datafield tag="035" ind1=" " ind2=" ">
    <subfield code="a">A-441451</subfield>
  </datafield>
  <datafield tag="037" ind1=" " ind2=" ">
    <subfield code="b">BPPD/Pub.</subfield>
  </datafield>
  <datafield tag="082" ind1=" " ind2=" ">
    <subfield code="a">848</subfield>
  </datafield>
  <datafield tag="100" ind1=" " ind2=" ">
    <subfield code="a">&#x648;&#x632;&#x6CC;&#x631; &#x622;&#x63A;&#x627;</subfield>
  </datafield>
  <datafield tag="245" ind1=" " ind2=" ">
    <subfield code="a">&#x627;&#x646;&#x634;&#x627;&#x6CC;&#x6C1; &#x6A9;&#x6D2; &#x62E;&#x62F;&#x648;&#x62E;&#x627;&#x644; /</subfield>
    <subfield code="c">&#x648;&#x632;&#x6CC;&#x631; &#x622;&#x63A;&#x627;</subfield>
  </datafield>
  <datafield tag="246" ind1=" " ind2=" ">
    <subfield code="b">Inshaaiya Ke Khadokhal (Urdu) /</subfield>
    <subfield code="a">by Vazir Aagha</subfield>
  </datafield>
  <datafield tag="260" ind1=" " ind2=" ">
    <subfield code="a">Lahore</subfield>
    <subfield code="b">Bazl Nadeem</subfield>
    <subfield code="c">1990 &#x621;</subfield>
  </datafield>
  <datafield tag="270" ind1=" " ind2=" ">
    <subfield code="a">Maktaba Fikr-o-Khyal, 172 Satluj Block, Iqbal Town</subfield>
    <subfield code="b">Lahore</subfield>
  </datafield>
  <datafield tag="300" ind1=" " ind2=" ">
    <subfield code="a">110p.</subfield>
    <subfield code="c">22cm(Hb)     </subfield>
  </datafield>
  <datafield tag="942" ind1=" " ind2=" ">
    <subfield code="2">ddc</subfield>
    <subfield code="c">UR</subfield>
    <subfield code="h">848</subfield>
    <subfield code="m">&#x648; &#x632; &#x6CC;</subfield>
  </datafield>
  <datafield tag="952" ind1=" " ind2=" ">
    <subfield code="0">0</subfield>
    <subfield code="1">0</subfield>
    <subfield code="4">0</subfield>
    <subfield code="7">0</subfield>
    <subfield code="8">NFIC</subfield>
    <subfield code="a">L</subfield>
    <subfield code="b">L</subfield>
    <subfield code="d">2020-01-27</subfield>
    <subfield code="e">BPPD/Ven.</subfield>
    <subfield code="g">50.00</subfield>
    <subfield code="l">0</subfield>
    <subfield code="o">848 &#x648; &#x632; &#x6CC;</subfield>
    <subfield code="p">A-441451</subfield>
    <subfield code="r">2020-01-27 00:00:00</subfield>
    <subfield code="t">1</subfield>
    <subfield code="v">50.00</subfield>
    <subfield code="w">2020-01-27</subfield>
    <subfield code="y">UR</subfield>
  </datafield>
</record>
